000 00392nam a22001577a 4500
005 20161022155517.0
008 161022b xxu||||| |||| 00| 0 eng d
020 _a978-81-267-1001-0
041 _aeng
100 _aAGRAWAL,PRAHLAD
_93650
245 _aKAVI SHILENDRA,JINDGI KI JEET MAIN YAKIN
260 _bRAJKAMAL
300 _a148
650 _aMASS COM @JOURNALISM
_93631
942 _cBK
999 _c5299
_d5297